Planning A small scale industry : Guide to enterpreneurs (Record no. 1292232)

MARC details
000 -LEADER
fixed length control field 00481nam a2200169Ia 4500
005 - DATE AND TIME OF LATEST TRANSACTION
control field 20250326141835.0
008 - FIXED-LENGTH DATA ELEMENTS--GENERAL INFORMATION
fixed length control field 250326s9999 xx 000 0 und d
037 ## - SOURCE OF ACQUISITION
Stock number Textbook
040 ## - CATALOGING SOURCE
Original cataloging agency FMSL
Language of cataloging eng
Transcribing agency FMSL
041 ## - LANGUAGE CODE
Language code of text/sound track or separate title eng
Source of code eng
084 ## - COLON CLASSIFICATION NUMBER
Classification number X9B8(A) M6;1
Assigning agency FMSL
245 #0 - TITLE STATEMENT
Title Planning A small scale industry : Guide to enterpreneurs
260 ## - PUBLICATION, DISTRIBUTION, ETC.
Place of publication, distribution, etc. Delhi
Name of publisher, distributor, etc. Delhi, S.S.Books
Date of publication, distribution, etc. 1986
300 ## - PHYSICAL DESCRIPTION
Extent vi,223
942 ## - ADDED ENTRY ELEMENTS (KOHA)
Koha item type Textbook
Classification part X9B8(A) M6;1
Holdings
Withdrawn status Lost status Damaged status Not for loan Home library Current library Date acquired Total Checkouts Full call number Barcode Date last seen Price effective from Koha item type
        Faculty of Management Library Faculty of Management Library 2025-03-26   X9B8(A) M6;1 ML1018810 2025-03-26 2025-03-26 Textbook
Copyright @ Delhi University Library System